000 00795nam a2200265Ia 4500
003 OSt
005 20221005041053.0
006 a|||||r|||| 00| 0
007 ta
008 221004b |||||||| |||| 00| 0 eng d
020 _a9789381138151 (hbk)
_c950
024 _a4021
037 _b86, 21/02/2013, Mallika Book
_cTextual
040 _aCRL
_cCRL
_beng
041 _2eng
_aeng
082 _aS0bT, Q3
100 _aKamlesh Prasad
_9589477
245 0 _aAdvanced educational psychology
260 _aDelhi
_bPacific Books International India
_c2013
300 _a276p.
_ccm.
650 _aPSYCHOLOGY
700 _a Sharma Ved Prakash
_9528754
942 _hS0bT, Q3
_cTEXL
_2cc
999 _c947931
_d947931